• 首页
  • 本馆介绍
  • 公告通知
  • 最新文献
  • 馆藏检索
  • 电子资源
  • 读者导购
  • 参考咨询
  • 我的图书馆
  • 登录
  • 详细信息显示
  • 放入我的书架
  • 预约/预借图书
  • 作者相关作品
  • 分类相关作品
  • 丛书相关作品
  • 出版社相关作品

书目信息

  • 表格格式
  • 工作单格式
  • 卡片格式
题名:
春秋时期的贵族文化与文学
    
 
作者: 王崇任 著
分册:  
出版信息: 北京   中央编译出版社  2020.3
页数: 229页
开本: 25cm
丛书名: 中国当代研学丛书
单 册:
中图分类: K225.03 , I209.25
科图分类:
主题词: 贵族--gui zu--文化史--中国--春秋时代 , 中国文学--zhong guo wen xue--古代文学史--研究--春秋时代
电子资源:
ISBN: 978-7-5117-3810-3
000 01219oam2 2200313 450
001 2157983639
005 20211011172911.0
010    @a978-7-5117-3810-3@b精装@dCNY89.00
100    @a20200507d2020 em y0chiy0120 ea
101 0  @achi
102    @aCN@b110000
105    @ay a 000yy
106    @ar
200 1  @a春秋时期的贵族文化与文学@Achun qiu shi qi de gui zu wen hua yu wen xue@e修订本@f王崇任著
210    @a北京@c中央编译出版社@d2020.3
215    @a229页@d25cm
225 2  @a中国当代研学丛书@Azhong guo dang dai yan xue cong shu@i文化
314    @a王崇任, 山西省运城学院教师。
320    @a有书目
330    @a春秋时期的文学是绽放在贵族文化土壤中的花朵。本书分六章, 从春秋贵族世家入手, 分析了春秋时期贵族阶层的政治变迁与其文学、文化的关系, 然后具体从各类文学活动、文学作品 (如作诗、赋诗、外交辞令、各类文体等), 进行了较为全面的分析探讨。
461  0 @12001 @a中国当代研学丛书
462  0 @12001 @a文化
606 0  @a贵族@Agui zu@x文化史@y中国@z春秋时代
606 0  @a中国文学@Azhong guo wen xue@x古代文学史@x研究@z春秋时代
690    @aK225.03@v5
690    @aI209.25@v5
701  0 @a王崇任@Awang chong ren@f1983-@4著
801  0 @aCN@b百万庄@c20211006
905    @b1305873-76@dK225.03@e86@f4
    
    春秋时期的贵族文化与文学:修订本/王崇任著.-北京:中央编译出版社,2020.3
    229页;25cm.-(中国当代研学丛书.文化)
    
    
    ISBN 978-7-5117-3810-3(精装):CNY89.00
    春秋时期的文学是绽放在贵族文化土壤中的花朵。本书分六章, 从春秋贵族世家入手, 分析了春秋时期贵族阶层的政治变迁与其文学、文化的关系, 然后具体从各类文学活动、文学作品 (如作诗、赋诗、外交辞令、各类文体等), 进行了较为全面的分析探讨。
●
相关链接 在E读中查询图书 在五车中查询图书 在当当中查询图书 在豆瓣中查询图书


正题名:春秋时期的贵族文化与文学     索取号:K225.03/86         预约/预借

序号 登录号 条形码 馆藏地/架位号 状态 备注
1 1305873   213058732   第二样本阅览室/ [索取号:K225.03/86] 在馆    
2 1305874   213058741   第二借阅区/ [索取号:K225.03/86] 在馆    
3 1305875   213058750   第二借阅区/ [索取号:K225.03/86] 在馆    
4 1305876   213058769   第二借阅区/ [索取号:K225.03/86] 在馆    
唐山师范学院图书馆 欢迎您!
大连网信软件有限公司© 版权所有